Yesu Munji. (Record no. 2009)

MARC details
000 -LEADER
fixed length control field 00515nam a2200229 a 4500
020 ## - INTERNATIONAL STANDARD BOOK NUMBER
ISBN
082 00 - DEWEY DECIMAL CLASSIFICATION NUMBER
Classification number 232
Author Cutter HEW
100 ## - MAIN ENTRY--AUTHOR NAME
Author name Hewett, E M
245 ## - TITLE STATEMENT
Title Yesu Munji.
260 ## - PUBLICATION, DISTRIBUTION, ETC. (IMPRINT)
Place of publication Lahore
Name of publisher Masihi Ishaat Khana
Year of publication 0000
300 ## - PHYSICAL DESCRIPTION
Number of Pages 204p
500 ## - GENERAL NOTE
General note includes index and biblioraphy
505 2# - FORMATTED CONTENTS NOTE
Formatted contents note Ill
650 ## - SUBJECT ADDED ENTRY--TOPICAL TERM
Topical Term Jesus Christ
942 ## - ADDED ENTRY ELEMENTS (KOHA)
Koha item type Books
Holdings
Collection code Home library Current library Date acquired Cost, normal purchase price Full call number Accession Number Koha item type
  Henry Martyn Institute Library Henry Martyn Institute Library 06/15/2007 100.00 232 HEW 02960 Books
                   Copyright © 2026 | Henry Martyn Institute | Hyderabad | TS-500052 | INDIA | Implemented by hmi.edu.in
Hit-Count:

Powered by Koha